June 1st: Birthdays - Statistics

General Stats
  • This quiz has been taken 21 times
  • The average score is 3 of 9
Answer Stats
Year Clue Answer % Correct
1926 Actress in Some Like it Hot Marilyn Monroe
82%
1996 Acted as Spider-Man Tom Holland
59%
1974 Artist of Jagged Little Pill Alanis Morissette
47%
1801 Founder of Salt Lake City Brigham Young
41%
1973 Presenter of Project Runway Heidi Klum
29%
1937 Won Academy Award Morgan Freeman
18%
1981 American comedian Amy Schumer
12%
1957 Inventor of PalmPilot Jefferey Hawkins
0%
1961 Hockey Hall of Famer Paul Coffey
0%
No matching quizzes found
Score Distribution
Percent of People with Each Score
Percentile by Number Answered
Your Score History
You have not taken this quiz